书目信息 |
| 题名: |
光学设计
|
|
| 作者: | 刘钧 , 高明 编著 | |
| 分册: | ||
| 出版信息: | 北京 国防工业出版社 2016.07 |
|
| 页数: | 297页 | |
| 开本: | 26cm | |
| 丛书名: | ||
| 单 册: | ||
| 中图分类: | TH740.2 | |
| 科图分类: | ||
| 主题词: | 光学设计--高等教育--教材 | |
| 电子资源: | ||
| ISBN: | 978-7-118-10953-5 | |
| 000 | 01100nam0 2200277 450 | |
| 001 | 0120161995203 | |
| 005 | 20170518151712.89 | |
| 010 | @a978-7-118-10953-5@dCNY40.00 | |
| 100 | @a20160829d2016 em y0chiy50 ea | |
| 101 | 0 | @achi |
| 102 | @aCN@b110000 | |
| 105 | @aak z 000yy | |
| 106 | @ar | |
| 200 | 1 | @a光学设计@9guang xue she ji@f刘钧,高明编著 |
| 205 | @a2版 | |
| 210 | @a北京@c国防工业出版社@d2016.07 | |
| 215 | @a297页@c图@d26cm | |
| 300 | @a“十二五”普通高等教育本科国家级规划教材 | |
| 330 | @a本书系统地论述了“光学设计”课程的基本理论及设计方法,重点介绍了具有普遍意义的典型光学系统的有关设计内容,以阐明光学设计中带有共性的问题。全书分四部分,共14章。第一部分是光学设计的基础理论(第1-5章);第二部分是典型光学系统设计(第6-11章);第三部分是夜视仪器的光学系统(第12章);第四部分是光学设计软件ZEMAX简介和光学制图(第13、14章)。 | |
| 333 | @a高校光学设计相关专业师生 | |
| 606 | 0 | @a光学设计@x高等教育@j教材 |
| 690 | @aTH740.2@v5 | |
| 701 | 0 | @a刘钧@9liu jun@4编著 |
| 701 | 0 | @a高明@9gao ming@4编著 |
| 801 | 0 | @aCN@b人天书店@c20160829 |
| 905 | @b990256-59@dTH740.2@e68=2@f4 | |
| 光学设计/刘钧,高明编著.-2版.-北京:国防工业出版社,2016.07 |
| 297页:图;26cm |
| “十二五”普通高等教育本科国家级规划教材.-使用对象:高校光学设计相关专业师生 |
| ISBN 978-7-118-10953-5:CNY40.00 |
| 本书系统地论述了“光学设计”课程的基本理论及设计方法,重点介绍了具有普遍意义的典型光学系统的有关设计内容,以阐明光学设计中带有共性的问题。全书分四部分,共14章。第一部分是光学设计的基础理论(第1-5章);第二部分是典型光学系统设计(第6-11章);第三部分是夜视仪器的光学系统(第12章);第四部分是光学设计软件ZEMAX简介和光学制图(第13、14章)。 |
| ● |
| 相关链接 |
|
|
|
|
正题名:光学设计
索取号:TH740.2/68=2
 
预约/预借
| 序号 | 登录号 | 条形码 | 馆藏地/架位号 | 状态 | 备注 |
| 1 | 990256 | 209902569 | 第二样本阅览室/ [索取号:TH740.2/68=2] | 在馆 | |
| 2 | 990257 | 209902578 | 密集书库-物理学院/ [索取号:TH740.2/68=2] | 在馆 | |
| 3 | 990258 | 209902587 | 第三借阅区/ [索取号:TH740.2/68=2] | 在馆 | |
| 4 | 990259 | 209902596 | 第三借阅区/ [索取号:TH740.2/68=2] | 在馆 |